00913nam a22002297a 450000500170000001000150001702000230003202000260005503500140008103700130009508200170010824501340012526000610025927000640032030000310038449000600041550000260047550000880050150000500058970000190063970000250065820150818113541.0 aENG-113560 c795.00a0199451621 c795.00a9780199451623 aEN- 97092 bDBAD/PUB a355.68670954 aIndia's military modernization :cedited by Rajesh Basrur [and] Bharath Gopalaswamybstrategic technologies and weapons systems / aNew Delhi bOxford University Pressc2015 aYMCA Library Buiding, 1 Jai Singh Road, bNew Delhie110001 axi,264p. :c23cm(Hb)bill. aThe Oxford international relations in South Asia series aContributed articles. a"Second part of a two-part project on Indian military modernization"--Introduction. aIncludes bibliographical references and index aBasrur, Rajesh aGopalaswamy, Bharath